[Event "XVII Juros Svente 2020-A"]
[Site "Klaipeda"]
[Date "2020.07.25"]
[Round "6.8"]
[White "Tolmacevs, Artjoms"]
[Black "Butvilas, Aistis"]
[Result "0-1"]
[WhiteElo "1610"]
[BlackElo "2103"]
[Annotator "TA"]
[PlyCount "108"]
[EventDate "2020.07.20"]
[EventType "tourn"]
[EventCountry "LTU"]
[SourceTitle "playchess.com"]
[Source "ChessBase"]
[SourceQuality "1"]

{[%evp 29,108,-8,-26,-45,-13,-29,-35,-37,-31,-83,-53,-55,-68,-79,-29,-51,-45,-51,-31,-49,-50,-51,-50,-59,-49,-58,-54,-46,-43,-163,-164,-238,-235,-243,-238,-229,-234,-284,-271,-260,-276,-265,-272,-248,-237,-260,-256,-270,-267,-322,-305,-311,-197,-388,-362,-382,-387,-6532,-6532,-5706,-6079,-5189,-4869,-5085,-1564,-29970,-29971,-29968,-5154,-29977,-29969,-29969,-29969,-29975,-29976,-29974,-29975,-29974,-10558,-29969,-29970]} 1. e4 c5 2. Nf3 Nc6 3. d4 cxd4 4. Nxd4 g6 5. Nc3 Bg7 6. Be3 Nf6 7. Bc4 O-O 8. Bb3 d6 9. f3 Bd7 10. Qd2 Nxd4 11. Bxd4 b5 12. O-O-O a5 13. Nd5 Nxd5 14. Bxd5 Rc8 15. Bxg7 Kxg7 16. Qd4+ {B78: Sicilian Dragon: Yugoslav Attack, 9 Bc4 Bd7 10 0-0-0 Rc8.} f6 {[#]} 17. g4 $146 ({Predecessor:} 17. a3 Rc5 18. b4 Rc8 19. Kb2 Qc7 20. c3 Bc6 21. Be6 Ra8 22. g4 Be8 23. f4 Bd7 24. Bxd7 Qxd7 {1-0 (35) Amrutha,M (2163)-Swati,G (2320) New Delhi 2008}) 17... Qc7 {[%csl Gc8][%cal Rc7c2] [#]} 18. Rd2 {Black is slightly better.} Qc5 19. Rhd1 (19. h4 $15) 19... b4 20. Qxc5 Rxc5 21. b3 Bb5 22. Be6 Rb8 23. f4 g5 24. fxg5 Rxg5 25. Bf5 Kf7 $1 26. h4 Rg7 $1 27. g5 $1 fxg5 28. hxg5 Rxg5 29. Rh2 {White is now going downhill.} (29. Bxh7 $15 e6 30. Rh1) 29... h5 $19 30. Rf2 (30. Rdh1 $142) 30... e6 31. Bh3+ Ke7 32. Bf1 Bc6 33. Bg2 Rbg8 34. Bh1 Rg1 {[#] And now ...Rxd1+ would win.} 35. Rh2 Rxd1+ 36. Kxd1 {[%mdl 4096] Endgame KRB-KRB} Rg5 37. Bf3 Be8 38. Kd2 Kf6 39. c4 bxc3+ $1 40. Kxc3 Ke5 {Hoping for ...Rg3.} 41. Kd3 $2 (41. Kd2 {might work better.}) 41... Kf4 42. Ke2 Rc5 {aiming for ...Rc2+.} 43. Rf2 $2 (43. Rh3) 43... Rc2+ 44. Ke1 Rxf2 45. Kxf2 {KB-KB} h4 46. a3 Bb5 (46... Bc6 $142 47. Bg2 Bxe4) 47. b4 axb4 48. axb4 Bd3 (48... h3 $142 49. Bh1 Bd3 50. b5 Bxb5 51. e5 dxe5 52. Kg1 e4 53. Kf2 Bd3 54. Ke1 Ke3 55. Kd1 Kf2 56. Kd2 e3+ 57. Kxd3 e2 58. Kc4 e1=Q 59. Ba8 h2 60. Bc6 Qc1+ 61. Kb5 h1=Q 62. Bxh1 Qxh1 63. Kc5 Qd5+ 64. Kb6 e5 65. Ka7 Qb5 66. Ka8 e4 67. Ka7 e3 68. Ka8 e2 69. Ka7 e1=Q 70. Ka8 Qea5#) 49. e5 d5 50. Bg2 Kxe5 51. Ke3 Bb5 52. Bh3 d4+ 53. Kd2 Bc4 (53... Kd5 $142 54. Bg2+ Ke5 55. Bh3 Kd5 56. Bg2+ Ke5 57. Bh3) 54. Kc2 Kf4 {Accuracy: White = 51%, Black = 79%.} 0-1

[Event "XVII Juros Svente 2020-A"]
[Site "Klaipeda"]
[Date "2020.07.25"]
[Round "6.9"]
[White "Aleidzans, Vadims"]
[Black "Boyajyan, David"]
[Result "0-1"]
[WhiteElo "1346"]
[BlackElo "1949"]
[Annotator "TA"]
[PlyCount "56"]
[EventDate "2020.07.20"]
[EventType "tourn"]
[EventCountry "LTU"]
[SourceTitle "playchess.com"]
[Source "ChessBase"]
[SourceQuality "1"]

{[%evp 23,56,40,42,26,32,32,61,0,30,31,29,13,43,-87,-65,-59,-56,-87,-81,-294,-294,-285,-251,-252,-242,-258,-248,-456,-451,-1466,-1431,-29990,-29991,-29996,-29997]} 1. e4 e6 2. d4 d5 3. Nd2 Nf6 4. e5 Nfd7 5. Bd3 c5 6. c3 Nc6 7. Ne2 Qb6 8. Nf3 cxd4 9. cxd4 Bb4+ 10. Bd2 f6 11. exf6 Nxf6 12. O-O O-O 13. Rc1 {C06: French Tarrasch: 3...Nf6 4 e5 Nfd7 5 Bd3 main lines.} Bd6 14. Bc3 {[#]} Qc7 $146 ({Predecessor:} 14... Nh5 15. Ne5 g6 16. b4 a6 17. a3 a5 18. Qa4 Qc7 19. Bb2 Qe7 20. b5 Nxe5 21. dxe5 {½-½ (50) Rozentalis,E (2585)-Tikkanen,H (2570) Gothenburg 2012}) 15. Ne5 (15. h3 $14) 15... Bxe5 16. dxe5 Ng4 17. f4 Qb6+ 18. Kh1 (18. Nd4 $1 $14 {was forced to keep a grip.}) 18... Nf2+ 19. Rxf2 $1 Qxf2 20. Qa4 Bd7 {aiming for ...Nxe5!} 21. Bd2 $2 {[#]} (21. Qc2 $17 {was worth a try.}) 21... Nxe5 $1 $19 {[%mdl 512]} 22. Qb3 {Black must now prevent Be3.} (22. fxe5 Bxa4) 22... Nxd3 23. Qxd3 Rac8 {Threatens to win with ...Rxc1+.} 24. Bc3 Rc4 {And now ...Re4 would win.} 25. Ng3 $2 (25. Qg3 Qxg3 26. hxg3) 25... Rcxf4 26. Bd2 (26. Be5 $142) 26... Rd4 27. Qc3 Rxd2 {[%csl Gd2][%cal Rf2g2]} 28. Rg1 {[#]} Qxg1+ $1 {[%mdl 64] Remove Defender, Back Rank. Black took control after the opening. Accuracy: White = 27%, Black = 78%.} 0-1

[Event "XVII Juros Svente 2020-A"]
[Site "Klaipeda"]
[Date "2020.07.25"]
[Round "6.10"]
[White "Ullrich, Karol"]
[Black "Pocius, Vaclovas"]
[Result "1/2-1/2"]
[WhiteElo "1404"]
[BlackElo "1714"]
[Annotator "NA RC"]
[PlyCount "61"]
[EventDate "2020.07.20"]
[EventType "tourn"]
[EventCountry "LTU"]
[SourceTitle "playchess.com"]
[Source "ChessBase"]
[SourceQuality "1"]
[TimeControl "40/5400+30:1800+30"]

1. e4 {[%emt 0:00:00]} g6 {[%emt 0:00:27]} 2. d4 {[%emt 0:00:07]} c6 {[%emt 0:00:24]} 3. Bd3 {[%emt 0:02:55]} d5 {[%emt 0:04:01]} 4. e5 {[%emt 0:00:17]} h5 {[%emt 0:00:39]} 5. Nf3 {[%emt 0:02:00]} Nh6 {[%emt 0:01:08]} 6. c4 {[%emt 0:13:43]} Bf5 {[%emt 0:07:31]} 7. cxd5 {[%emt 0:02:31]} Qxd5 {[%emt 0:03:12]} 8. Nc3 {[%emt 0:00:47]} Qd7 {[%emt 0:04:26]} 9. O-O {[%emt 0:03:05]} Bxd3 {[%emt 0:03:51]} 10. Qxd3 {[%emt 0:00:23]} Na6 {[%emt 0:00:19]} 11. a3 {[%emt 0:03:53]} Nc7 {[%emt 0:03:00]} 12. Re1 {[%emt 0:03:26]} Nf5 {[%emt 0:03:59]} 13. Be3 {[%emt 0:12:03]} Bg7 {[%emt 0:04:22]} 14. b4 {[%emt 0:04:35]} O-O {[%emt 0:09:13]} 15. a4 {[%emt 0:06:44]} Rfd8 {[%emt 0:03:12]} 16. Red1 {[%emt 0:05:51]} Nd5 {[%emt 0:04:52]} 17. Nxd5 {[%emt 0:02:29]} Qxd5 {[%emt 0:00:11]} 18. Rac1 {[%emt 0:01:47]} b6 {[%emt 0:07:08]} 19. Qc2 {[%emt 0:06:31]} Rac8 {[%emt 0:08:51]} 20. b5 {[%emt 0:00:15]} cxb5 {[%emt 0:00:27]} 21. Qxc8 {[%emt 0:00:08]} Rxc8 {[%emt 0:00:23]} 22. Rxc8+ {[%emt 0:00:02]} Bf8 {[%emt 0:00:58]} 23. axb5 {[%emt 0:00:52]} Qb3 {[%emt 0:01:46]} 24. Ra1 {[%emt 0:04:13]} Kg7 {[%emt 0:05:40]} 25. Rxa7 {[%emt 0:00:38]} Nxe3 {[%emt 0:00:54]} 26. fxe3 {[%emt 0:00:20]} Qxe3+ {[%emt 0:00:11]} 27. Kf1 {[%emt 0:01:14]} g5 {[%emt 0:04:15]} 28. Raa8 {[%emt 0:05:08]} g4 {[%emt 0:02:48]} 29. Nh4 {[%emt 0:01:16]} Qd3+ {[%emt 0:00:41]} 30. Ke1 {[%emt 0:00:17]} Qe3+ {[%emt 0:00:21]} 31. Kf1 {[%emt 0:00:13]} 1/2-1/2

[Event "XVII Juros Svente 2020-A"]
[Site "Klaipeda"]
[Date "2020.07.25"]
[Round "6.11"]
[White "Bazilius, Augustinas"]
[Black "Scekaciov, Rostislav"]
[Result "1-0"]
[WhiteElo "1632"]
[BlackElo "1458"]
[Annotator "NA RC"]
[PlyCount "87"]
[EventDate "2020.07.20"]
[EventType "tourn"]
[EventCountry "LTU"]
[SourceTitle "playchess.com"]
[Source "ChessBase"]
[SourceQuality "1"]
[TimeControl "40/5400+30:1800+30"]

1. Nf3 {[%emt 0:00:00]} Nf6 {[%emt 0:08:19]} 2. g3 {[%emt 0:00:01]} g6 {[%emt 0:00:17]} 3. Bg2 {[%emt 0:00:10]} Bg7 {[%emt 0:00:10]} 4. d4 {[%emt 0:03:09]} O-O {[%emt 0:00:15]} 5. O-O {[%emt 0:01:32]} d5 {[%emt 0:00:19]} 6. c4 {[%emt 0:00:39]} c6 {[%emt 0:00:16]} 7. cxd5 {[%emt 0:00:50]} cxd5 {[%emt 0:00:10]} 8. Ne5 {[%emt 0:00:40]} Nbd7 {[%emt 0:01:17]} 9. Nc3 {[%emt 0:07:01]} e6 {[%emt 0:03:11]} 10. Nxd7 {[%emt 0:03:57]} Nxd7 {[%emt 0:02:16]} 11. b3 {[%emt 0:02:18]} Re8 {[%emt 0:01:36]} 12. Ba3 {[%emt 0:01:52]} Bf8 {[%emt 0:00:23]} 13. Bxf8 {[%emt 0:00:24]} Kxf8 {[%emt 0:00:44]} 14. Qd2 {[%emt 0:14:46]} Kg7 {[%emt 0:00:13]} 15. Rac1 {[%emt 0:11:40]} Nb6 {[%emt 0:02:29]} 16. Nb5 {[%emt 0:01:57]} Re7 {[%emt 0:06:38]} 17. Qa5 {[%emt 0:03:45]} a6 {[%emt 0:05:16]} 18. Nc7 {[%emt 0:01:31]} Rxc7 {[%emt 0:00:34]} 19. Qxb6 {[%emt 0:00:20]} Rd7 {[%emt 0:00:35]} 20. Qxd8 {[%emt 0:00:02]} Rxd8 {[%emt 0:00:02]} 21. Rc7 {[%emt 0:00:02]} Rb8 {[%emt 0:00:43]} 22. Rfc1 {[%emt 0:00:36]} Bd7 {[%emt 0:00:31]} 23. e4 {[%emt 0:06:41]} Bc6 {[%emt 0:03:45]} 24. exd5 {[%emt 0:02:24]} exd5 {[%emt 0:01:22]} 25. Re1 {[%emt 0:01:33]} Re8 {[%emt 0:00:23]} 26. Rce7 {[%emt 0:00:06]} Rxe7 {[%emt 0:00:37]} 27. Rxe7 {[%emt 0:00:00]} Re8 {[%emt 0:00:01]} 28. Rxe8 {[%emt 0:00:32]} Bxe8 {[%emt 0:00:05]} 29. Bxd5 {[%emt 0:00:06]} b6 {[%emt 0:00:06]} 30. Kg2 {[%emt 0:00:20]} f5 {[%emt 0:00:24]} 31. Kf3 {[%emt 0:03:15]} Kf6 {[%emt 0:00:47]} 32. Ke3 {[%emt 0:00:52]} Ke7 {[%emt 0:00:26]} 33. Bg8 {[%emt 0:01:42]} h6 {[%emt 0:00:41]} 34. d5 {[%emt 0:02:51]} Kd6 {[%emt 0:01:39]} 35. Kd4 {[%emt 0:00:03]} Bd7 {[%emt 0:02:27]} 36. f4 {[%emt 0:04:09]} Be8 {[%emt 0:00:41]} 37. h4 {[%emt 0:00:41]} a5 {[%emt 0:05:09]} 38. a3 {[%emt 0:00:32]} b5 {[%emt 0:00:34]} 39. b4 {[%emt 0:00:10]} axb4 {[%emt 0:00:11]} 40. axb4 {[%emt 0:00:09]} g5 {[%emt 0:01:44]} 41. hxg5 {[%emt 0:30:17]} hxg5 {[%emt 0:30:02]} 42. fxg5 {[%emt 0:00:17]} Bg6 {[%emt 0:00:09]} 43. Be6 {[%emt 0:00:30]} Bh7 {[%emt 0:00:18]} 44. Bf7 {[%emt 0:00:42]} 1-0

[Event "XVII Juros Svente 2020-A"]
[Site "Klaipeda"]
[Date "2020.07.25"]
[Round "6.12"]
[White "Januseviciute, Donata"]
[Black "Piksrys, Rutenis"]
[Result "0-1"]
[WhiteElo "1520"]
[BlackElo "1532"]
[Annotator "NA RC"]
[PlyCount "80"]
[EventDate "2020.07.20"]
[EventType "tourn"]
[EventCountry "LTU"]
[SourceTitle "playchess.com"]
[Source "ChessBase"]
[SourceQuality "1"]
[TimeControl "40/5400+30:1800+30"]

1. d4 {[%emt 0:00:00]} g6 {[%emt 0:00:00]} 2. c4 {[%emt 0:00:00]} Bg7 {[%emt 0:00:00]} 3. e4 {[%emt 0:00:00]} d6 {[%emt 0:00:00]} 4. Nc3 {[%emt 0:01:08]} Nf6 {[%emt 0:00:07]} 5. Bd3 {[%emt 0:01:05]} O-O {[%emt 0:00:11]} 6. Nge2 {[%emt 0:01:00]} e5 {[%emt 0:00:28]} 7. d5 {[%emt 0:00:20]} c6 {[%emt 0:00:10]} 8. f3 {[%emt 0:01:07]} cxd5 {[%emt 0:00:38]} 9. cxd5 {[%emt 0:01:08]} Nbd7 {[%emt 0:00:57]} 10. Bg5 {[%emt 0:00:21]} h6 {[%emt 0:00:41]} 11. Bh4 {[%emt 0:00:14]} Nc5 {[%emt 0:00:42]} 12. Bc2 {[%emt 0:05:48]} b5 {[%emt 0:00:30]} 13. b4 {[%emt 0:01:00]} Na6 {[%emt 0:00:51]} 14. a3 {[%emt 0:00:26]} Nc7 {[%emt 0:00:14]} 15. Bd3 {[%emt 0:01:32]} Bd7 {[%emt 0:01:43]} 16. O-O {[%emt 0:01:36]} a6 {[%emt 0:00:33]} 17. Qd2 {[%emt 0:01:11]} g5 {[%emt 0:00:52]} 18. Bf2 {[%emt 0:00:35]} Nh5 {[%emt 0:00:50]} 19. g4 {[%emt 0:12:06]} Nf4 {[%emt 0:00:27]} 20. Ng3 {[%emt 0:00:19]} Nh3+ {[%emt 0:00:34]} 21. Kg2 {[%emt 0:00:11]} Nxf2 {[%emt 0:00:10]} 22. Qxf2 {[%emt 0:00:52]} Re8 {[%emt 0:01:19]} 23. Rac1 {[%emt 0:00:22]} Rc8 {[%emt 0:00:19]} 24. Rc2 {[%emt 0:00:48]} Na8 {[%emt 0:00:35]} 25. a4 {[%emt 0:03:26]} Qb6 {[%emt 0:01:39]} 26. axb5 {[%emt 0:01:57]} axb5 {[%emt 0:00:36]} 27. Ra1 {[%emt 0:03:19]} Rc7 {[%emt 0:02:52]} 28. Ra5 {[%emt 0:07:26]} Qxf2+ {[%emt 0:02:09]} 29. Kxf2 {[%emt 0:00:04]} Rec8 {[%emt 0:00:20]} 30. Nge2 {[%emt 0:00:19]} Nb6 {[%emt 0:02:36]} 31. Bxb5 {[%emt 0:01:11]} Bxb5 {[%emt 0:00:33]} 32. Rxb5 {[%emt 0:00:05]} Na4 {[%emt 0:00:15]} 33. Nxa4 {[%emt 0:07:09]} Rxc2 {[%emt 0:00:18]} 34. Rb6 {[%emt 0:00:38]} Ra2 {[%emt 0:00:43]} 35. Ra6 {[%emt 0:00:29]} Rcc2 {[%emt 0:00:13]} 36. Nc5 {[%emt 0:04:45]} Rxe2+ {[%emt 0:00:31]} 37. Kf1 {[%emt 0:00:06]} dxc5 {[%emt 0:02:12]} 38. Rxa2 {[%emt 0:00:54]} Rxa2 {[%emt 0:00:08]} 39. bxc5 {[%emt 0:00:33]} Bf8 {[%emt 0:00:22]} 40. d6 {[%emt 0:00:30]} Bxd6 {[%emt 0:00:55]} 0-1

[Event "XVII Juros Svente 2020-A"]
[Site "Klaipeda"]
[Date "2020.07.26"]
[Round "7.2"]
[White "Golsta, Madara"]
[Black "Pidluznij, Gleb"]
[Result "0-1"]
[WhiteElo "1903"]
[BlackElo "2042"]
[Annotator "TA"]
[PlyCount "76"]
[EventDate "2020.07.20"]
[EventType "tourn"]
[EventCountry "LTU"]
[SourceTitle "playchess.com"]
[Source "ChessBase"]
[SourceQuality "1"]

{[%evp 14,76,35,0,0,0,38,12,0,-34,0,-52,-19,-52,20,-6,-15,-67,-29,-30,-18,-19,-18,-144,-154,-170,-168,-141,-134,-170,-49,-67,-68,-393,-210,-256,-261,-254,-262,-256,-258,-254,-252,-237,-180,-183,-176,-150,-126,-183,-180,-289,-296,-306,-289,-333,-315,-345,-345,-344,-338,-497,-483,-525,-398]} 1. c4 Nf6 2. g3 g6 3. Bg2 Bg7 4. Nf3 O-O 5. O-O d6 6. Nc3 c5 7. d4 {7.d4 scores better than 7.d3.} Nc6 8. b3 d5 {[#] E65: King's Indian: Fianchetto: 6...c5 7 0-0 without d5 by White.} 9. Nxd5 $146 ({Predecessor:} 9. e3) 9... cxd4 10. Nxf6+ Bxf6 {The position is equal.} 11. Bb2 e5 12. Ne1 (12. e3 $11) 12... a5 13. Qd2 Qc7 (13... a4 $15) 14. e3 Rd8 15. Nf3 (15. Nc2 $11) 15... Bf5 16. exd4 e4 17. Nh4 $1 Nxd4 {...Nf3+! is the strong threat.} 18. Bxd4 (18. Qe3 $11 {keeps the balance.}) 18... Rxd4 $17 (18... Bxd4 19. Rae1 $11) 19. Qe2 {[#]} Bxh4 $1 20. gxh4 Rad8 $36 {[%cal Ba8d8,Bd8d4,Bd4d3][%mdl 2080] Strongly threatening ...Rd2. Keeping White busy.} 21. Rad1 Qf4 (21... Rd3 $19 22. Rxd3 exd3) 22. Rxd4 $15 Rxd4 23. Rd1 $2 {[%mdl 8192] [#]} ({Better is} 23. Qe3 $15 Qxe3 24. fxe3) 23... Rd3 (23... Bg4 $142 24. Qxg4 Qxg4 25. Rxd4 f5) 24. Re1 {[%cal Rg2e4]} Rd2 (24... Qxh4 25. Bxe4 Qg5+ 26. Bg2 $17) 25. Qe3 Qxe3 26. Rxe3 $19 {[%mdl 4096] Endgame KRB-KRB} Rd1+ ({Not} 26... Rxa2 27. Bxe4 Bxe4 28. Rxe4 $15) 27. Bf1 Bg4 {Hoping for ...Bf3.} 28. f4 (28. Rxe4 {is a self mate.} Bh3 29. Re8+ Kg7 30. Rg8+ Kxg8 31. Kh1 Rxf1#) 28... exf3 29. Kf2 Rd2+ 30. Kg3 Bf5 31. a4 (31. a3 $17) 31... Rb2 32. Re5 (32. h5 $142) 32... Rb1 ({Don't take} 32... Rxb3 33. Rxa5 Rb1 34. Kf2 $19) 33. Kf2 Rxb3 34. Rxa5 Be4 35. Re5 Bc6 36. a5 Ra3 37. Bh3 (37. c5 $142) 37... f5 38. Bf1 f4 {Accuracy: White = 29%, Black = 62%.} 0-1

[Event "XVII Juros Svente 2020-A"]
[Site "Klaipeda"]
[Date "2020.07.26"]
[Round "7.3"]
[White "Salna, Aleksandras"]
[Black "Vardanyan, Aras"]
[Result "1-0"]
[WhiteElo "2063"]
[BlackElo "2178"]
[Annotator "TA"]
[PlyCount "93"]
[EventDate "2020.07.20"]
[EventType "tourn"]
[EventCountry "LTU"]
[SourceTitle "playchess.com"]
[Source "ChessBase"]
[SourceQuality "1"]

{[%evp 19,93,19,40,33,51,20,27,-96,-96,-96,-70,-108,-105,-126,-139,-134,-118,-118,-80,-89,-74,-60,-22,-34,0,0,0,-8,0,0,18,-16,58,31,152,166,149,72,72,71,73,38,152,138,187,192,218,195,182,162,272,271,259,252,414,408,370,201,223,200,191,169,625,587,578,550,662,620,881,902,602,323,1429,1167,29986,29987]} 1. d4 Nf6 2. Bf4 g6 3. e3 Bg7 4. Nf3 O-O 5. Be2 d6 6. O-O Nfd7 7. c4 e5 8. Bg3 Nc6 9. Nc3 h6 10. h3 f5 11. Rc1 {[#] E61: King's Indian: Early deviations for White, including Smyslov System.} g5 $146 ({Predecessor:} 11... e4 12. Nd2 Nf6 13. a3 g5 14. b4 Ne7 15. c5 d5 16. Nb5 Ne8 17. Bh5 a6 18. Bxe8 axb5 19. Bxb5 {0-1 (33) Schellen,S (1858)-Emig,N (1744) Griesheim 2019}) 12. dxe5 dxe5 13. e4 {[#]} (13. Bh2 $11) 13... f4 $1 $17 {[%cal Rf4g3]} 14. Bh2 Nc5 15. Ne1 Be6 16. Nd3 Nxd3 17. Qxd3 Qxd3 18. Bxd3 f3 19. Rfd1 fxg2 20. Kxg2 Rad8 21. Nd5 Rf7 (21... g4 $5 {[%cal Rg4h3]} 22. h4 Rd7 $15) 22. Be2 $1 Nd4 23. Bg4 {next Rxd4! is good for White.} Bxg4 24. hxg4 Rdf8 25. Rf1 a5 (25... Nf3 $11 26. Bg3 Nd2) 26. Ne3 h5 (26... Rd7 $14) 27. gxh5 $16 Nf3 28. Nf5 ({Better is} 28. Ng4) 28... Nh4+ 29. Nxh4 gxh4 30. f3 Rd8 {White now steadily converts the win.} ({Black should try} 30... Kh7 $1 $14) 31. Rcd1 $36 {[%mdl 2048] White has strong initiative.} Rfd7 32. Rxd7 Rxd7 $18 {[%mdl 4096] Endgame KRB-KRB} 33. Rf2 Bf6 34. f4 Rd3 (34... Re7 $142 35. b3 Kg7 36. fxe5 Bxe5) 35. fxe5 h3+ 36. Kf1 Bh4 $2 (36... Bg5 37. Rf5 Rd1+ 38. Kf2 Bh4+ 39. Kf3 Rd2) 37. Ke2 {[#] And now Rf4 would win.} Rd4 38. Rf4 (38. Rf3 $142) 38... Bg5 39. Rg4 Rd2+ 40. Kf3 Rxh2 $2 (40... Rd3+ 41. Ke2 (41. Kf2 Rd2+ 42. Kf3 Rd3+ 43. Kf2 Rd2+ 44. Kf3 $16) 41... Rd2+ 42. Kf1 Rd1+ 43. Kf2 Rd2+ 44. Kf3 Rd3+ 45. Kf2 Rd2+ 46. Kf3) 41. Rxg5+ {KR-KR} Kh7 42. Rg1 {Strongly threatening e6.} Rxb2 43. Rh1 Rxa2 44. e6 {White wants to mate with e7.} Rg2 45. Rxh3 Rg5 $2 (45... Rg8 46. Kf4 a4) 46. Kf4 Kh6 47. Rg3 {Accuracy: White = 66%, Black = 43%.} 1-0

[Event "XVII Juros Svente 2020-A"]
[Site "Klaipeda"]
[Date "2020.07.26"]
[Round "7.4"]
[White "Boyajyan, David"]
[Black "Stremavicius, Pijus"]
[Result "1/2-1/2"]
[WhiteElo "1949"]
[BlackElo "2163"]
[Annotator "TA"]
[PlyCount "122"]
[EventDate "2020.07.20"]
[EventType "tourn"]
[EventCountry "LTU"]
[SourceTitle "playchess.com"]
[Source "ChessBase"]
[SourceQuality "1"]

{[%evp 16,122,-12,-18,-13,-13,-23,-16,-17,-24,-20,-71,-50,-89,-79,-121,-55,-62,-47,-53,-54,-32,128,99,95,102,222,185,290,96,260,91,185,167,161,117,216,231,200,-122,-113,-214,-174,-591,-552,-533,-510,-491,-432,-408,-390,-391,-381,-498,312,318,338,331,331,331,303,199,184,185,492,462,325,174,221,221,247,152,162,230,229,248,252,218,188,5,5,0,0,0,0,0,0,0,0,0,0,0,0,0,0,0,0,0,0,0,0,0,0,0,0,0,0,0,0]} 1. Nf3 c5 2. g3 Nc6 3. Bg2 e5 4. e4 g6 5. d3 Bg7 6. O-O d6 7. c3 Nge7 8. a4 O-O 9. Na3 h6 {A04: Unusual lines after 1 Nf3 and King's Indian Attack.} 10. Bd2 {[#]} f5 $146 ({Predecessor:} 10... Be6 11. b4 b6 12. Re1 Rc8 13. Qe2 Kh7 14. Bc1 f5 15. exf5 gxf5 {1-0 (15) Rodriguez Vila,A (2444)-Di Berardino,D (2484) Florianopolis 2015}) 11. b4 f4 12. Qb3+ Kh7 13. h4 (13. h3 $11) 13... Bg4 14. Nc2 Qd7 15. Kh2 {[#]} g5 $1 {[%mdl 512]} 16. hxg5 $15 hxg5 17. Nxg5+ Kg6 18. f3 Kxg5 $2 (18... Bh6 $15 19. gxf4 (19. fxg4 Bxg5 20. gxf4 exf4 $17) 19... exf4) 19. fxg4 $16 Qxg4 20. Rf3 $1 cxb4 (20... Kg6 $16) 21. Raf1 Ng6 {[#]} (21... bxc3 $142 22. Qxc3 Kg6) 22. gxf4+ $2 (22. Ne3 $1 $18 {[%mdl 512] has better winning chances.} Qh5+ (22... fxe3 23. Bxe3+) 23. Kg1) 22... exf4 {[#]} 23. Qd5+ $2 (23. Bh3 Qh4 $16) (23. Ne3 $1 $18 {[%cal Re3g4][%mdl 512]} Qh5+ (23... fxe3 24. Bxe3+) 24. Kg1 (24. Rh3 Qe2 $16 {[%mdl 64] Double Attack}) 24... Bxc3 25. Bxc3 bxc3 26. Rh3 (26. Qxb7 $2 Nce5 $19)) 23... Be5 (23... Nce5 $16) 24. Bh3 $18 Qh5 (24... Rh8 $2 25. Rg1 $18) 25. d4 {[%mdl 64] Pin} Nce7 (25... bxc3 $16 26. Bxc3 (26. dxe5 $2 cxd2 27. exd6+ Nce5 $19) 26... Nce7 27. Qxb7 Bg7) 26. Qe6 (26. Qxb7 bxc3 27. Bc1 (27. Bxc3 Bg7 $16) 27... Rab8) 26... bxc3 27. dxe5 $2 ({Don't do} 27. Bxc3 $6 Bg7 $16) ({Better is} 27. Bc1 $18 Kh6 28. dxe5 dxe5 29. Ne3 $1 {[%mdl 512]} (29. Rxc3 Rac8 $11)) 27... cxd2 $17 28. Nd4 (28. exd6 $17 Nc6 29. R3f2) 28... dxe5 $19 29. Rg1+ $2 (29. Nf5 Rxf5 30. exf5 Qxf3 31. Rxf3) 29... Kh6 30. Nf5+ Rxf5 $1 {[%mdl 64] Promotion} 31. exf5 d1=Q 32. Rxd1 Qxf3 33. Rg1 {[%cal Rg1g6]} Qh5 34. f6 Nc6 $4 {[%mdl 8192]} (34... Ng8 $19 {and life is good for Black.} 35. Qf7 Nxf6 $1 {[%mdl 512]} 36. Qxf6 e4 37. Rxg6+ Qxg6 38. Qxf4+ Qg5 39. Qxe4 Rg8) 35. Qf7 $18 {[%csl Gf6][%cal Rf7g7]} Qe2+ 36. Rg2 Qxg2+ 37. Bxg2 {White wants to mate with Be4.} Rf8 38. Qg7+ Kg5 39. Qxb7 Nd8 $2 (39... Nd4 {is tougher.}) 40. Qxa7 Rxf6 41. Bf3 (41. Be4 $142) 41... Ne6 42. Qh7 {[%csl Gf3][%cal Rh7h5][%mdl 1024] White has strong compensation.} Rf8 43. Qd7 ({Not} 43. Qh5+ Kf6 $15) 43... Nd4 44. Qg4+ Kf6 45. Be4 Rh8+ 46. Kg1 Ne7 {[#]} 47. Kf1 $2 (47. Qd7 $1 $18) 47... Nef5 {Hoping for ...Ne3+.The position is equal.} 48. Bxf5 Nxf5 $11 {[%mdl 4096] Endgame KQ-KRN} 49. Qf3 Ne3+ 50. Ke1 Kf5 51. Qb7 {Threatens to win with a5.} Rh2 $1 52. Qd7+ Ke4 {Strongly threatening ...f3.} 53. Qb7+ Kd3 {[%csl Gd3][%cal Rh2e2]} 54. Qb3+ Kd4 {...f3 is the strong threat.} 55. Qb6+ Kc3 56. Qa5+ Kd3 {[%csl Gd3][%cal Rh2e2]} 57. Qd8+ Ke4 58. Qa8+ $1 Kd4 {aiming for ...f3!} 59. Qa7+ Kd3 {[%csl Gd3][%cal Rh2e2]} 60. Qd7+ Kc3 {And now ...f3 would win.} 61. Qc6+ Kd3 {Blacks defense is rewarded with a draw. Accuracy: White = 59%, Black = 67%.} 1/2-1/2